Indoor air quality and energy efficiency in traditional buildings (Record no. 112245)

MARC details
000 -LEADER
fixed length control field 00859cad a22002055a 4500
001 - CONTROL NUMBER
control field E152880
008 - FIXED-LENGTH DATA ELEMENTS--GENERAL INFORMATION
fixed length control field 110510s2009 xxk f 000 0 eng d
035 ## - SYSTEM CONTROL NUMBER
System control number (Sirsi) u152880
041 0# - LANGUAGE CODE
Language code of text/sound track or separate title eng
100 1# - MAIN ENTRY--PERSONAL NAME
Personal name Halliday, Sandy
245 00 - TITLE STATEMENT
Title Indoor air quality and energy efficiency in traditional buildings
Medium [electronic resource]
260 ## - PUBLICATION, DISTRIBUTION, ETC.
Place of publication, distribution, etc. Edinburgh
Name of publisher, distributor, etc. Historic Scotland
Date of publication, distribution, etc. 2009
490 #0 - SERIES STATEMENT
Series statement Historic Scotland Technical Paper
Volume/sequential designation (6)
520 ## - SUMMARY, ETC.
Summary, etc. Looks at information available on indoor air quality and energy efficiency in traditional buildings.
590 ## - LOCAL NOTE (RLIN)
Local note KA
651 #4 - SUBJECT ADDED ENTRY--GEOGRAPHIC NAME
Geographic name Scotland
Chronological subdivision 1999-
690 ## - LOCAL SUBJECT ADDED ENTRY--TOPICAL TERM (OCLC, RLIN)
Topical term or geographic name as entry element ENVIRONMENTAL AND LAND CONSULTANCY-ENERGY-ENERGY USE-ENERGY EFFICIENCY
856 40 - ELECTRONIC LOCATION AND ACCESS
Uniform Resource Identifier <a href="https://www.historic-scotland.gov.uk/publicationsresultsdetail.htm?id=4dc88ed01e">https://www.historic-scotland.gov.uk/publicationsresultsdetail.htm?id=4dc88ed01e</a>
Public note View the report free of charge at www.historic-scotland.gov.uk
942 ## - ADDED ENTRY ELEMENTS (KOHA)
Suppress in OPAC 0
Holdings
Withdrawn status Lost status Source of classification or shelving scheme Damaged status Not for loan Home library Current library Shelving location Date acquired Total Checkouts Full call number Barcode Date last seen Copy number Price effective from Koha item type
    Dewey Decimal Classification     Virtual Virtual Online 10/05/2011   ONLINE PUBLICATION 152880-1001 06/08/2019 1 06/08/2019 Book